000 00545nam a22001931a 4500
001 10061
003 OSt
005 20260204212144.0
008 070815s1997||||ag ||||||b||||||||||spa||
020 _a9500253089
050 _a624.1771 V713e
100 _aVillasuso, Bernardo M.
245 _aEstructuras: cálculo e impresión de planillas: programación Gw Basic / Bernardo M. Villasuso
250 _a2
264 _aArgentina : El Ateneo
300 _a149p.
650 _aDiseños Estructurales 2. Ingeniería CivilÌ
942 _2ddc
_cBK
999 _c10061
_d10061